00504nam a2200157 a 450000500170000000800410001702000180005805000260007610000190010224500800012126000490020130000180025044000320026865000330030065000130033320140412111343.0040310s19uu xx 00 eng d a1-56565-832-9 aTR(GS 372.4bC41 1997 aCheney, Martha aA super edition Workbook for grades 1-2 /cwritten by Martha Cheney, et al. aLos Angeles :bLowell House Juvenile,c1997. a528 p. ; ill. aGifted & Talented Workbooks aReading--Study and teachings aWorkbook